[Event "DRUZYNOWE MISTRZOSTWA POLSKI - II LIGA 2018"]
[Site "Jastrzebia Gora"]
[Date "1899-12-30"]
[Round "5.29"]
[White "Kaim, Piotr"]
[Black "Gawronski, Miroslaw"]
[Result "1-0"]
[WhiteTitle "m"]
[BlackTitle "m"]
[WhiteElo "2172"]
[BlackElo "2053"]

1. d4 d5 2. c4 dxc4 3. Nf3 Nf6 4. e3 a6 5. Bxc4 b5 6. Bd3 Bb7 7. a4 b4 8. O-O e6
9. Nbd2 c5 10. e4 cxd4 11. e5 Nd5 12. Nc4 Nc6 13. Bg5 f6 14. exf6 gxf6 15. Nfe5
Nxe5 16. Nxe5 Ke7 17. Qh5 Qe8 18. Bg6 hxg6 19. Qxh8 fxg5 20. Rac1 Rd8 21. Qh7+
Kf6 22. Rfe1 Bd6 23. Ng4+ Kf5 24. Nh6+ Kf6 25. Ng4+ Kf5 26. Nh6+ Kf6 27. Qxb7
Qd7 28. Ng4+ Kf5 29. Nh6+ Kf6 30. Qxa6 e5 31. h3 Nf4 32. Ng4+ Kg7 33. Rcd1 Re8
34. Qb5 Qd8 35. Rxd4 Qa8 36. Rde4 Re7 37. a5 Rc7 38. a6 Kh8 39. Nxe5 Kg8 40. Nf3
Kg7 41. Qxg5 Rc1 42. Rxf4 1-0

[Event "DRUZYNOWE MISTRZOSTWA POLSKI - II LIGA 2018"]
[Site "Jastrzebia Gora"]
[Date "1899-12-30"]
[Round "5.30"]
[White "Kantane, Anna"]
[Black "Bednarska-bzdega, Malgorzata"]
[Result "1-0"]
[WhiteTitle "WIM"]
[BlackTitle "WFM"]
[WhiteElo "2247"]
[BlackElo "1991"]

1. e4 c6 2. d4 d5 3. e5 Bf5 4. Nd2 e6 5. Nb3 Nd7 6. Nf3 Ne7 7. Be2 h6 8. O-O Bh7
9. Bd2 Nf5 10. a4 Be7 11. g4 Nh4 12. Nxh4 Bxh4 13. f4 Be4 14. Bf3 f5 15. Bxe4
fxe4 16. Rc1 Be7 17. f5 Nf8 18. Qe2 Qd7 19. f6 gxf6 20. exf6 Bd6 21. f7+ Kd8 22.
c4 Kc8 23. Na5 Rh7 24. cxd5 exd5 25. Rxc6+ bxc6 26. Qa6+ Kb8 27. Nxc6+ Qxc6 28.
Qxc6 Bc7 29. Rc1 1-0

[Event "DRUZYNOWE MISTRZOSTWA POLSKI - II LIGA 2018"]
[Site "Jastrzebia Gora"]
[Date "1899-12-30"]
[Round "5.31"]
[White "Zaskalski, Arkadiusz"]
[Black "Bednarek, Sylwester"]
[Result "1-0"]
[WhiteTitle "k"]
[BlackTitle "FM"]
[WhiteElo "2186"]
[BlackElo "2336"]

1. c4 Nf6 2. Nf3 c5 3. g3 b6 4. Bg2 Bb7 5. Nc3 e6 6. O-O Be7 7. Re1 O-O 8. e4 d6
9. d4 cxd4 10. Nxd4 Qc8 11. b3 a6 12. a4 Rd8 13. Ba3 Bf8 14. Bb4 e5 15. Nc2 Nc6
16. Ba3 Qb8 17. Qd3 Bc8 18. Nd5 Nxd5 19. cxd5 Ne7 20. Ne3 b5 21. axb5 axb5 22.
Bb4 Rxa1 23. Rxa1 g6 24. Ra5 Bd7 25. Nd1 Qb6 26. Qe3 Qc7 27. Nc3 Rb8 28. Bf1 f5
29. Bxb5 Rb7 30. Bxd7 Qxd7 31. Ra4 f4 32. Qe2 g5 33. Na2 Ng6 34. Ra6 Qh3 35. Ra8
Nh4 36. gxh4 gxh4 37. f3 Rg7+ 38. Kh1 Qd7 39. Nc1 Qb7 40. Rxf8+ Kxf8 41. Bxd6+
Kg8 42. Bxe5 Rg6 43. d6 h3 44. Qc4+ Kf8 45. Bxf4 Rf6 46. Ne2 Qa8 47. d7 Ke7 48.
Bg5 Qd8 1-0

[Event "DRUZYNOWE MISTRZOSTWA POLSKI - II LIGA 2018"]
[Site "Jastrzebia Gora"]
[Date "1899-12-30"]
[Round "5.32"]
[White "Lisowski, Krzysztof"]
[Black "Jaskolka, Tomasz"]
[Result "1/2-1/2"]
[WhiteTitle "k"]
[BlackTitle "k+"]
[WhiteElo "2061"]
[BlackElo "2177"]

1. e4 e6 2. d4 d5 3. Nd2 Nf6 4. e5 Nfd7 5. Bd3 c5 6. c3 Nc6 7. Ne2 cxd4 8. cxd4
f6 9. exf6 Nxf6 10. O-O Bd6 11. Nf3 Qc7 12. h3 O-O 13. Nc3 a6 14. Be3 Bd7 15.
Rc1 Be8 16. Na4 Bh5 17. Be2 h6 18. Nc5 Qf7 19. Nd3 Ne4 20. g4 Bg6 21. Nfe5 Bxe5
22. Nxe5 Nxe5 23. dxe5 Qe7 24. Bf3 Qh4 25. Bg2 h5 26. f3 hxg4 27. hxg4 Ng5 28.
Qe1 Nh3+ 29. Kh2 Nf2+ 30. Kg1 Nh3+ 31. Kh2 Qxe1 32. Rfxe1 Nf4 33. Bf1 Be8 34.
Kg3 g5 35. Rc7 Bc6 36. Bd4 Rac8 37. Rxc8 Rxc8 38. Rc1 Kg7 39. Rc2 Rh8 40. Rh2
Rf8 41. Rc2 Rh8 42. Rh2 Rf8 1/2-1/2

[Event "DRUZYNOWE MISTRZOSTWA POLSKI - II LIGA 2018"]
[Site "Jastrzebia Gora"]
[Date "1899-12-30"]
[Round "5.33"]
[White "Markiewicz, Jerzy"]
[Black "Migala, Andrzej"]
[Result "1-0"]
[WhiteTitle "FM"]
[BlackTitle "k"]
[WhiteElo "2170"]
[BlackElo "2015"]

1. e4 c5 2. Nf3 d6 3. d4 cxd4 4. Nxd4 Nf6 5. f3 e5 6. Nb3 a6 7. c4 Be7 8. Be3 Be6
9. Nc3 Nc6 10. Be2 O-O 11. O-O Re8 12. Qd2 Bf8 13. Nd5 Nd7 14. Rfd1 a5 15. Rac1
a4 16. Na1 Nc5 17. Nc2 f5 18. exf5 Bxf5 19. Na3 Nd4 20. Bf1 Nde6 21. Nb5 Rc8 22.
Rc3 e4 23. g4 exf3 24. gxf5 Ne4 25. Qc1 Nxc3 26. Nbxc3 Nc5 27. Bg5 Qa5 28. Qf4
Nd7 29. f6 Re5 30. Qg4 Kh8 31. Bf4 Qc5+ 32. Kh1 Nxf6 33. Nxf6 gxf6 34. Bxe5 fxe5
35. Qxf3 Bg7 36. Bd3 Rf8 37. Qe4 Qc6 38. Nd5 1-0

[Event "DRUZYNOWE MISTRZOSTWA POLSKI - II LIGA 2018"]
[Site "Jastrzebia Gora"]
[Date "1899-12-30"]
[Round "5.34"]
[White "Rak, Tomasz"]
[Black "Augustyn, Sebastian"]
[Result "0-1"]
[WhiteTitle "k"]
[BlackTitle "k"]
[WhiteElo "2018"]
[BlackElo "2173"]

1. Nf3 g6 2. d4 Bg7 3. c4 c5 4. d5 b5 5. cxb5 a6 6. b6 Qxb6 7. Nc3 d6 8. Nd2 Nf6
9. e4 O-O 10. a4 a5 11. Bb5 Qc7 12. Nc4 Nfd7 13. Bxd7 Bxd7 14. Bd2 Na6 15. Nb5
Bxb5 16. axb5 Nb4 17. Bc3 Qb7 18. Bxg7 Kxg7 19. b6 f5 20. e5 dxe5 21. Qe2 Qxd5
22. O-O e4 23. Rxa5 Nd3 24. b3 Rxa5 25. Nxa5 Ra8 26. Nc4 e5 27. g3 h5 28. Rd1
Qd4 29. b7 Rb8 30. Na5 Qd5 31. Qd2 Rxb7 32. Nxb7 Qxb7 33. Qc3 Qd5 34. Ra1 Qd4
35. Ra7+ Kh6 36. Qd2+ f4 37. Ra4 Qd5 38. Qe2 e3 39. f3 Qxb3 40. Ra1 c4 41. g4
hxg4 42. fxg4 Qb2 43. Qxb2 Nxb2 44. h4 f3 45. Kh2 e2 46. Kh3 f2 0-1

[Event "DRUZYNOWE MISTRZOSTWA POLSKI - II LIGA 2018"]
[Site "Jastrzebia Gora"]
[Date "1899-12-30"]
[Round "5.35"]
[White "Czarnecki, Wojciech"]
[Black "Kietrys, Maciej"]
[Result "1-0"]
[WhiteTitle "k"]
[BlackTitle "I"]
[WhiteElo "1971"]
[BlackElo "1730"]

1. d4 d5 2. c4 c6 3. Nc3 Nf6 4. Bg5 e6 5. Nf3 dxc4 6. e3 b5 7. a4 Bb4 8. axb5 cxb5
9. Qc2 a6 10. b3 cxb3 11. Qxb3 Bxc3+ 12. Qxc3 Bb7 13. Bd3 Nc6 14. O-O Rc8 15.
Qb2 h6 16. Bh4 Qd6 17. Rab1 Rg8 18. e4 Nh5 19. Rfd1 g5 20. Bg3 Nxg3 21. hxg3 Ne7
22. Ne5 Nc6 23. Ng4 Ke7 24. d5 exd5 25. exd5 Na5 26. Re1+ Kd8 27. Nf6 Rf8 28.
Qa1 Nc4 29. Qd4 Rc5 30. Ne4 Qxd5 31. Qxc5 Qxc5 32. Nxc5 Bd5 33. Nxa6 Kd7 34. Rxb5
Kc6 35. Bxc4 Bxc4 36. Rc5+ Kb6 37. Rxc4 Kxa6 38. Rb1 Ka5 39. Rc2 1-0

[Event "DRUZYNOWE MISTRZOSTWA POLSKI - II LIGA 2018"]
[Site "Jastrzebia Gora"]
[Date "1899-12-30"]
[Round "5.36"]
[White "Dabrowska, Krystyna"]
[Black "Mirowska, Oliwia"]
[Result "1-0"]
[WhiteTitle "WGM"]
[BlackTitle "I++"]
[WhiteElo "2201"]
[BlackElo "1503"]

1. e4 c5 2. Nf3 Nc6 3. d4 cxd4 4. Nxd4 d5 5. Bb5 dxe4 6. Nxc6 Qxd1+ 7. Kxd1 a6
8. Ba4 Bd7 9. Nc3 Bxc6 10. Bxc6+ bxc6 11. Nxe4 e5 12. Ke2 f5 13. Ng3 g6 14. Rd1
Nf6 15. Bg5 Nd7 16. Bd2 Bd6 17. Nf1 Bc7 18. Bc3 O-O-O 19. Nd2 Rhe8 20. Nc4 e4
21. Nd6+ Bxd6 22. Rxd6 Kc7 23. Rad1 Nb6 24. Rxd8 Rxd8 25. Rxd8 Kxd8 26. Ba5 Kc7
27. Ke3 Kb7 28. Bxb6 Kxb6 29. Kd4 c5+ 30. Kd5 h6 31. g3 h5 32. Ke5 h4 33. Kf6
hxg3 34. hxg3 1-0

[Event "DRUZYNOWE MISTRZOSTWA POLSKI - II LIGA 2018"]
[Site "Jastrzebia Gora"]
[Date "1899-12-30"]
[Round "5.37"]
[White "Nowicki, Bartosz"]
[Black "Kumala, Aleksander"]
[Result "1-0"]
[WhiteTitle "k++"]
[BlackTitle "k"]
[WhiteElo "2275"]
[BlackElo "2197"]

1. e4 e6 2. d4 d5 3. Nd2 a6 4. Bd3 Nf6 5. e5 Nfd7 6. Ne2 c5 7. c3 Nc6 8. Nf3 Be7
9. O-O g5 10. Be3 g4 11. Ne1 Qb6 12. Qd2 f6 13. exf6 Nxf6 14. dxc5 Bxc5 15. Bh6
Rg8 16. b4 Be7 17. Nd4 Bd7 18. Nec2 Ne5 19. Rfe1 Nxd3 20. Qxd3 Rc8 21. Bf4 Rg6
22. Ne3 Kf7 23. Rab1 Bb5 24. Nxb5 axb5 25. Be5 Ne4 26. Rf1 Qc6 27. Nxg4 Qc4 28.
Qh3 Ng5 29. Qh5 Rcg8 30. Nh6+ Kf8 31. Nxg8 Kxg8 32. Rbe1 Bf8 33. Re3 Kf7 34. f4
Ne4 35. f5 exf5 36. Qxf5+ Nf6 37. Bxf6 Qxf1+ 38. Qxf1 1-0

[Event "DRUZYNOWE MISTRZOSTWA POLSKI - II LIGA 2018"]
[Site "Jastrzebia Gora"]
[Date "1899-12-30"]
[Round "5.38"]
[White "Kasperek, Ryszard"]
[Black "Parol, Pawel"]
[Result "1-0"]
[WhiteTitle "m"]
[BlackTitle "k"]
[WhiteElo "2172"]
[BlackElo "2157"]

1. e4 e6 2. d4 d5 3. Nc3 Bb4 4. e5 c5 5. a3 Bxc3+ 6. bxc3 Ne7 7. Qg4 O-O 8. Bd3
f5 9. exf6 Rxf6 10. Bg5 Rf7 11. Qh5 g6 12. Qd1 Qa5 13. Bd2 Nd7 14. Nf3 c4 15.
Be2 Nf5 16. h4 Nd6 17. Ng5 Re7 18. h5 h6 19. hxg6 hxg5 20. Bd3 Nf6 21. Qf3 Nf5
22. Qh3 Nh4 23. Qg3 Ne4 24. Bxe4 dxe4 25. Bxg5 Nf3+ 26. gxf3 Qxc3+ 27. Ke2 exf3+
28. Qxf3 Qxf3+ 29. Kxf3 Rg7 30. Rh6 Bd7 31. Ke3 Be8 32. Rah1 Rxg6 33. Rh8+ Kf7
34. Bf4 e5 35. Bxe5 Ke6 36. R1h7 b6 37. Rc7 a5 38. Rxc4 Bb5 39. d5+ Kxe5 40. Re4+
Kxd5 41. Rxa8 Kc5 42. Rc8+ Bc6 43. Re7 Kb5 44. Rb8 Bg2 45. f4 Rf6 46. Rg8 Bh3
47. Rg5+ Ka4 48. Ke4 Rc6 49. f5 Rc4+ 50. Kd5 Rc5+ 51. Ke4 Rc4+ 52. Ke3 Rc5 53.
Kf4 Bxf5 54. Rxf5 Rxc2 55. Ke3 Rb2 56. Kd3 Kxa3 57. Ra7 Rb3+ 58. Kc2 Rb2+ 59.
Kc1 Rb4 60. Rf3+ Ka4 61. Rh7 Kb5 62. Rh5+ Ka6 63. Rhf5 Rc4+ 64. Kb2 Rb4+ 65. Rb3
Rxb3+ 66. Kxb3 b5 67. Rf6+ Kb7 68. Kc3 Ka7 69. Kd4 Kb7 70. Kc5 1-0

[Event "DRUZYNOWE MISTRZOSTWA POLSKI - II LIGA 2018"]
[Site "Jastrzebia Gora"]
[Date "1899-12-30"]
[Round "5.39"]
[White "Graczyk, Damian"]
[Black "Cajbel, Maciej"]
[Result "1/2-1/2"]
[WhiteTitle "k"]
[BlackTitle "k"]
[WhiteElo "2122"]
[BlackElo "2187"]

1. d4 Nf6 2. Nf3 c5 3. d5 e6 4. Nc3 exd5 5. Nxd5 Nxd5 6. Qxd5 Be7 7. e4 O-O 8.
Bc4 Nc6 9. O-O d6 10. Qh5 Be6 11. Bxe6 fxe6 12. Qg4 e5 13. c3 Qc8 14. Qxc8 Raxc8
15. Be3 Rfd8 16. Rfd1 b5 17. Bg5 h6 18. Bxe7 Nxe7 19. Rd2 Kf7 20. Rad1 Ke6 21.
Kf1 a5 22. h4 a4 23. h5 a3 24. b3 b4 25. c4 Nc6 26. Ke2 Nd4+ 27. Nxd4+ cxd4 28.
f4 Rf8 29. f5+ Kf6 30. g4 Kg5 1/2-1/2

[Event "DRUZYNOWE MISTRZOSTWA POLSKI - II LIGA 2018"]
[Site "Jastrzebia Gora"]
[Date "1899-12-30"]
[Round "5.40"]
[White "Puczylowski, Marcin"]
[Black "Smolka, Marcin"]
[Result "1-0"]
[WhiteTitle "k"]
[BlackTitle "k"]
[WhiteElo "2110"]
[BlackElo "2194"]

1. e4 e5 2. Nf3 Nc6 3. Bb5 a6 4. Bxc6 dxc6 5. O-O Bg4 6. h3 h5 7. d3 Qf6 8. Nbd2
Bd6 9. Re1 Ne7 10. d4 Bxf3 11. Nxf3 Ng6 12. Bg5 Qe6 13. dxe5 Bc5 14. Nd4 Bxd4
15. Qxd4 Qxe5 16. Qxe5+ Nxe5 17. Rad1 f6 18. Bf4 Rd8 19. Rxd8+ Kxd8 20. Rd1+ Kc8
21. Bxe5 fxe5 22. Rd3 Rd8 23. Rxd8+ Kxd8 24. g3 Ke7 25. f4 Kf6 26. Kf2 c5 27.
Kf3 b5 28. f5 c4 29. c3 a5 30. a3 c5 31. h4 Kf7 32. g4 hxg4+ 33. Kxg4 Kf6 34.
Kh5 b4 35. Kg4 Kf7 36. Kg5 b3 37. h5 a4 38. h6 gxh6+ 39. Kxh6 Kf6 40. Kh5 1-0

[Event "DRUZYNOWE MISTRZOSTWA POLSKI - II LIGA 2018"]
[Site "Jastrzebia Gora"]
[Date "1899-12-30"]
[Round "5.41"]
[White "Rykala, Monika"]
[Black "Zurkowski, Andrzej"]
[Result "0-1"]
[WhiteTitle "I++"]
[BlackTitle "k+"]
[WhiteElo "1908"]
[BlackElo "2048"]

1. d4 f5 2. Bg5 Nf6 3. Bxf6 exf6 4. Nf3 d5 5. e3 Be6 6. Be2 Bd6 7. Nbd2 O-O 8.
c4 c6 9. O-O Qe7 10. cxd5 cxd5 11. Rc1 f4 12. exf4 Bxf4 13. Rc3 a6 14. Nb3 Nd7
15. Re1 Qf7 16. Qc2 Rae8 17. Bd3 Qh5 18. g3 Bd6 19. Nc5 Bxc5 20. dxc5 Bg4 21.
Rxe8 Rxe8 22. Be2 d4 23. Ra3 Nxc5 24. Bc4+ Kh8 25. Nd2 Re1+ 26. Bf1 Be2 27. Kg2
Qd5+ 28. f3 d3 29. Rxd3 Bxf1+ 30. Nxf1 Qxd3 31. Qxc5 Qxf1# 0-1

[Event "DRUZYNOWE MISTRZOSTWA POLSKI - II LIGA 2018"]
[Site "Jastrzebia Gora"]
[Date "1899-12-30"]
[Round "5.42"]
[White "Kasperek, Joanna"]
[Black "Parol, Pola"]
[Result "1/2-1/2"]
[WhiteTitle "k++"]
[BlackTitle "WFM"]
[WhiteElo "2051"]
[BlackElo "2108"]

1. e4 c5 2. Nf3 d6 3. Bb5+ Nd7 4. O-O a6 5. Bxd7+ Bxd7 6. d4 cxd4 7. Qxd4 e5 8.
Qd3 Rc8 9. a4 b5 10. Nc3 Qb6 11. Be3 Qc6 12. axb5 axb5 13. Ra5 b4 14. Nd5 Nf6
15. Nxb4 Qb7 16. c3 Be7 17. Re1 Qxe4 18. Qxe4 Nxe4 19. Nxe5 dxe5 20. Rxe5 Nf6
21. Rxe7+ Kxe7 22. Bc5+ Kd8 23. Bb6+ Rc7 24. Na6 Nd5 25. Ba5 Kc8 26. Nxc7 Nxc7
27. c4 Re8 28. Rc1 Re2 29. Bc3 g6 30. Kf1 Re4 31. b3 Na6 32. f3 Re6 33. b4 Kb7
34. Kf2 Nc7 35. b5 Re8 36. Bd4 Ne6 37. Be3 Rc8 38. Ra1 Ra8 39. Rd1 Ra2+ 40. Kg3
Kc8 41. Rd6 Kc7 42. Rd5 Be8 43. Rd3 Rc2 44. b6+ Kb7 45. Ra3 Rxc4 46. Ra7+ Kb8
47. Re7 Bb5 48. Rxf7 h5 49. h4 Rc2 50. Rf6 Ng7 51. Bf4+ Kc8 52. b7+ Kxb7 53. Rf7+
Kc8 54. Rxg7 Bf1 55. Bg5 Rxg2+ 56. Kf4 Bd3 57. Ke5 Ra2 58. f4 Ra5+ 59. Kd4 Bf5
1/2-1/2

[Event "DRUZYNOWE MISTRZOSTWA POLSKI - II LIGA 2018"]
[Site "Jastrzebia Gora"]
[Date "1899-12-30"]
[Round "5.44"]
[White "Dudzinski, Piotr"]
[Black "Kowalczyk, Rafal"]
[Result "1-0"]
[WhiteTitle "FM"]
[BlackTitle "k+"]
[WhiteElo "2304"]
[BlackElo "2242"]

1. e4 e5 2. Nf3 Nc6 3. Bc4 Bc5 4. c3 Nf6 5. d3 a6 6. O-O Ba7 7. Bb3 d6 8. h3 O-O
9. Nbd2 Re8 10. Re1 h6 11. Nf1 Be6 12. Ng3 d5 13. Qe2 Qd7 14. Kh2 dxe4 15. dxe4
Bxb3 16. axb3 Rad8 17. Be3 Bxe3 18. Qxe3 Qd3 19. Qxd3 Rxd3 20. Red1 Red8 21. Rxd3
Rxd3 22. b4 g6 23. Kg1 Kf8 24. Kf1 Ke7 25. Ke2 Rd8 26. Ne1 h5 27. h4 Kd7 28. Nd3
Kc8 29. f3 Re8 30. Nf1 Nd7 31. Ne3 Rh8 32. Nd5 Nb6 33. Nxb6+ cxb6 34. b5 Nd8 35.
bxa6 bxa6 36. Nxe5 a5 37. Rd1 Re8 38. Rd5 Ne6 39. g3 Nc7 40. Nxf7 Nxd5 41. Nd6+
Kd7 42. Nxe8 Nxc3+ 43. bxc3 Kxe8 44. c4 Ke7 45. Kd3 Ke6 46. Kd4 Kd6 47. f4 Kd7
48. Kd5 Kc7 49. e5 Kd8 50. c5 a4 51. cxb6 a3 52. Kd6 Kc8 53. e6 a2 54. e7 a1=Q
55. e8=Q+ Kb7 56. Qc6+ 1-0

[Event "DRUZYNOWE MISTRZOSTWA POLSKI - II LIGA 2018"]
[Site "Jastrzebia Gora"]
[Date "1899-12-30"]
[Round "5.45"]
[White "Tustanowski, Robert"]
[Black "Dudzinski, Pawel"]
[Result "1/2-1/2"]
[WhiteTitle "m"]
[BlackTitle "FM"]
[WhiteElo "2238"]
[BlackElo "2217"]

1. e4 c6 2. d4 d5 3. Nc3 g6 4. h3 Bg7 5. Nf3 Nf6 6. Bd3 dxe4 7. Nxe4 Nxe4 8. Bxe4
Nd7 9. c3 O-O 10. Bf4 c5 11. O-O cxd4 12. cxd4 Nf6 13. Bc2 Be6 14. Bb3 Bd5 15.
Re1 Qb6 16. Re3 Rac8 17. Rc1 e6 18. Rxc8 Rxc8 19. Rc3 Qd8 20. Be5 Bxb3 21. Qxb3
Nd5 22. Rc5 Bxe5 23. Rxc8 Bh2+ 24. Kxh2 Qxc8 25. g3 Kg7 26. a3 Qc1 27. Kg2 b6
28. h4 h6 29. Ne5 Qd2 30. Qf3 f6 31. Nc6 Qc2 32. Nb4 Qc4 1/2-1/2

[Event "DRUZYNOWE MISTRZOSTWA POLSKI - II LIGA 2018"]
[Site "Jastrzebia Gora"]
[Date "1899-12-30"]
[Round "5.46"]
[White "Zareba, Radoslaw"]
[Black "Siekaniec, Jan"]
[Result "0-1"]
[WhiteTitle "I+"]
[BlackTitle "k"]
[WhiteElo "2110"]
[BlackElo "2071"]

1. e4 c5 2. Nf3 d6 3. d4 cxd4 4. Nxd4 Nf6 5. Nc3 a6 6. f3 e5 7. Nb3 Be6 8. Be3
Nbd7 9. g4 Qc7 10. g5 Nh5 11. Qd2 Be7 12. O-O-O O-O 13. Kb1 Rfc8 14. Bd3 b5 15.
Nd5 Bxd5 16. exd5 b4 17. Qxb4 a5 18. Qa4 g6 19. Rhg1 Bf8 20. Rg4 Nf4 21. Bxf4
Nb6 22. Qb5 exf4 23. Nd4 Ra7 24. Be4 Rb7 25. Nc6 Ra8 26. c3 Bg7 27. Kc2 Nd7 28.
Qc4 Qb6 29. b3 Ne5 30. Qe2 Nxg4 31. fxg4 Re8 32. Qf3 Qc5 33. Rd3 a4 34. Qxf4 Qa3
35. Nb4 Rxb4 36. cxb4 Qxa2+ 37. Kd1 axb3 38. Rf3 Re7 39. Rf2 b2 0-1

[Event "DRUZYNOWE MISTRZOSTWA POLSKI - II LIGA 2018"]
[Site "Jastrzebia Gora"]
[Date "1899-12-30"]
[Round "5.47"]
[White "Tustanowski, Mateusz"]
[Black "Chmielarz, Maciej"]
[Result "0-1"]
[WhiteTitle "I++"]
[BlackTitle "I+"]
[WhiteElo "2064"]
[BlackElo "1946"]

1. e4 c6 2. d4 d5 3. Nd2 dxe4 4. Nxe4 Bf5 5. Ng3 Bg6 6. h4 h6 7. Nf3 Nd7 8. h5
Bh7 9. Bd3 Bxd3 10. Qxd3 Qc7 11. Bd2 Ngf6 12. O-O-O e6 13. Qe2 a5 14. Ne5 a4 15.
Rhe1 Nxe5 16. dxe5 Nd5 17. c4 Nb4 18. a3 Na6 19. Bc3 Nc5 20. Ne4 Nxe4 21. Qxe4
Be7 22. f4 O-O 23. g4 Rfd8 24. Rxd8+ Rxd8 25. g5 hxg5 26. Rg1 Qb6 27. Rg2 Qb3
28. Bd2 Bxa3 29. bxa3 Qxa3+ 30. Kd1 Qb3+ 31. Ke2 a3 32. fxg5 a2 33. Rg1 Qb2 34.
Qf4 a1=Q 35. Rxa1 Qxa1 36. g6 fxg6 37. h6 Qd4 38. Qg5 Qxd2+ 0-1

[Event "DRUZYNOWE MISTRZOSTWA POLSKI - II LIGA 2018"]
[Site "Jastrzebia Gora"]
[Date "1899-12-30"]
[Round "5.48"]
[White "Czerwinska, Milena"]
[Black "Kopica, Paulina"]
[Result "1/2-1/2"]
[WhiteTitle "WFM"]
[BlackTitle "k"]
[WhiteElo "2028"]
[BlackElo "1940"]

1. e4 e6 2. d3 c5 3. Nf3 Nc6 4. g3 g6 5. Bg2 Bg7 6. O-O Nge7 7. c3 e5 8. Be3 d6
9. Qd2 O-O 10. Bh6 f5 11. Bxg7 Kxg7 12. Na3 f4 13. d4 Bg4 14. dxc5 dxc5 15. Qxd8
Raxd8 16. Nc4 Bxf3 17. Bxf3 b5 18. Na3 a6 19. Rac1 Rd2 20. Rc2 Rfd8 21. Rfc1 h5
22. Rxd2 Rxd2 23. Rc2 Rd6 24. Nb1 Kh6 25. h4 Rf6 26. Kg2 Nc8 27. Rd2 Nd6 28. Rd5
fxg3 29. fxg3 Nc4 30. Rxc5 Nxb2 31. Rd5 Nc4 32. Kf2 b4 33. Rc5 Nb2 34. Ke3 Na4
35. Rc4 Nxc3 36. Nxc3 bxc3 37. Rxc3 Nd4 38. Be2 Nxe2 39. Kxe2 Rb6 40. Ra3 Kg7
41. Ra5 1/2-1/2

[Event "DRUZYNOWE MISTRZOSTWA POLSKI - II LIGA 2018"]
[Site "Jastrzebia Gora"]
[Date "1899-12-30"]
[Round "5.49"]
[White "Molenda, Marcin"]
[Black "Steczek, Marcin"]
[Result "1-0"]
[WhiteTitle "FM"]
[BlackTitle "FM"]
[WhiteElo "2372"]
[BlackElo "2386"]

1. d4 Nf6 2. c4 e6 3. Nf3 Bb4+ 4. Bd2 Qe7 5. g3 O-O 6. Bg2 Bxd2+ 7. Qxd2 d6 8.
O-O e5 9. Nc3 Re8 10. e4 Bg4 11. Ne1 exd4 12. Qxd4 Be6 13. b3 Nc6 14. Qd2 Qd7
15. Nc2 Bh3 16. f3 Bxg2 17. Kxg2 a6 18. Ne3 Ne7 19. Rac1 Rac8 20. Rfd1 Qe6 21.
Rc2 Nd7 22. Ncd5 Ne5 23. Nxe7+ Rxe7 24. Nf5 Ree8 25. Qg5 Ng6 26. c5 h6 27. Qc1
dxc5 28. Rxc5 Ne7 29. Nxe7+ Qxe7 30. Rcd5 Rcd8 31. Qc4 c6 32. R5d4 Rxd4 33. Qxd4
Qe5 34. Qxe5 Rxe5 35. Rd8+ Kh7 36. Rd7 f5 37. exf5 Rxf5 38. Rxb7 Rc5 39. a3 Rc2+
40. Kh3 a5 41. f4 a4 42. bxa4 Rc3 43. f5 Kg8 44. Ra7 Rxa3 45. Kh4 Rf3 46. g4 c5
47. Kh5 Rd3 48. Rc7 Kh7 49. Kh4 Rd4 50. f6 Kg6 51. fxg7 Kh7 52. a5 Ra4 53. Rxc5
Ra3 54. g8=Q+ Kxg8 55. Kh5 Kg7 56. Rc7+ Kf6 57. Rc6+ Kg7 58. Rg6+ Kf7 59. h4 Rxa5+
60. Kxh6 Ra8 61. Kh7 1-0

[Event "DRUZYNOWE MISTRZOSTWA POLSKI - II LIGA 2018"]
[Site "Jastrzebia Gora"]
[Date "1899-12-30"]
[Round "5.50"]
[White "Walaszczyk, Witold"]
[Black "Czerw, Dawid"]
[Result "1/2-1/2"]
[WhiteTitle "k"]
[BlackTitle "k"]
[WhiteElo "2100"]
[BlackElo "2263"]

1. d4 e6 2. Nf3 f5 3. g3 Nf6 4. Bg2 Be7 5. c4 O-O 6. O-O d6 7. b3 Ne4 8. Nfd2 Nxd2
9. Nxd2 Bf6 10. Bb2 Nc6 11. e3 Qe8 12. a3 e5 13. d5 Nd8 14. b4 e4 15. Qb3 Qh5
16. f3 Bxb2 17. Qxb2 exf3 18. Nxf3 Nf7 19. Qd4 Bd7 20. c5 Rfe8 21. cxd6 cxd6 22.
Rac1 Bb5 23. Rf2 Re7 24. Qd2 Rae8 25. Nd4 Bd7 26. Rc7 Ne5 27. Ne6 Bb5 28. e4 Ng4
29. Bf3 h6 30. Bxg4 Qxg4 31. exf5 Rxc7 32. Nxc7 Re2 33. Rxe2 Bxe2 34. Qe3 Bc4
35. Qe6+ Kh7 36. Kf2 Qd4+ 37. Qe3 Qb2+ 38. Kf3 Qxh2 39. Qd4 Qe2+ 40. Kf4 Qf1+
41. Ke4 Be2 42. Qe3 Bg4 43. Qf4 Qc4+ 44. Ke3 Qc3+ 45. Kf2 Qc2+ 46. Ke3 Qc1+ 47.
Ke4 Qxc7 48. Qxg4 Qc4+ 49. Kf3 Qxd5+ 50. Kf2 Qd2+ 51. Kf1 Qc1+ 52. Kf2 Qb2+ 53.
Kg1 Qe5 54. Qg6+ Kg8 55. a4 d5 56. a5 d4 57. b5 d3 58. f6 Qxf6 59. Qxd3 Qa1+ 60.
Kh2 Qa2+ 61. Kh3 Qxa5 62. Qc4+ Kf8 63. Qc8+ Ke7 64. Qxb7+ Kf6 65. Qc6+ Ke5 1/2-1/2

[Event "DRUZYNOWE MISTRZOSTWA POLSKI - II LIGA 2018"]
[Site "Jastrzebia Gora"]
[Date "1899-12-30"]
[Round "5.51"]
[White "Pazdziora, Michal"]
[Black "Swiatnicki, Andrzej"]
[Result "1-0"]
[WhiteTitle "k"]
[BlackTitle "k"]
[WhiteElo "2211"]
[BlackElo "2008"]

1. d4 d5 2. Nf3 c6 3. c4 Bf5 4. Nc3 e6 5. g3 Nf6 6. Nh4 Bg6 7. Qb3 Qb6 8. Nxg6
Qxb3 9. axb3 hxg6 10. c5 Nbd7 11. b4 Be7 12. f3 O-O 13. e4 dxe4 14. fxe4 a6 15.
Be2 Rac8 16. Be3 Rfd8 17. O-O Nf8 18. Rad1 Rd7 19. Rd2 Bd8 20. Bf4 Bc7 21. Bxc7
Rcxc7 22. h4 Rd8 23. Rfd1 Rcd7 24. Bf3 N8h7 25. Na4 g5 26. Nb6 Re7 27. d5 exd5
28. exd5 cxd5 29. Bxd5 Kf8 30. Bg2 Rde8 31. Nd7+ Nxd7 32. Rxd7 Nf6 33. Rxe7 Rxe7
34. Rd8+ Re8 35. Rxe8+ Nxe8 36. hxg5 Nc7 37. Bxb7 Ke7 38. Kf2 Ke6 39. g4 Ke5 40.
Ke3 f5 41. gxf6 gxf6 42. Kd3 Kf4 43. Bc8 Nd5 44. Kc4 Ne3+ 45. Kd4 Nc2+ 46. Kc3
Ne3 47. Bxa6 Nxg4 48. c6 Ne3 49. Kd4 Nf5+ 50. Kc5 1-0

[Event "DRUZYNOWE MISTRZOSTWA POLSKI - II LIGA 2018"]
[Site "Jastrzebia Gora"]
[Date "1899-12-30"]
[Round "5.52"]
[White "Smagalski, Slawomir"]
[Black "Drozniak, Stanislaw"]
[Result "1/2-1/2"]
[WhiteTitle "I+"]
[BlackTitle "I++"]
[WhiteElo "1911"]
[BlackElo "2043"]

1. Nf3 f5 2. e4 fxe4 3. Ng5 Nf6 4. d3 e5 5. dxe4 h6 6. Nf3 Qe7 7. Nc3 d6 8. Be3
Be6 9. Qd3 c6 10. Be2 Nbd7 11. Nh4 Qf7 12. O-O g5 13. Nf3 Nh5 14. Qd1 Nf4 15.
Bxf4 gxf4 16. Nd4 O-O-O 17. Bh5 Qf6 18. Nxe6 Qxe6 19. Bg4 Qc4 20. a4 Kc7 21. a5
Nc5 22. Be2 Qb4 23. Qd2 Qd4 24. Rfd1 Qxd2 25. Rxd2 Ne6 26. Bc4 Ng5 27. f3 Be7
28. Kf1 Nh7 29. Ra4 Nf6 30. b4 a6 31. Rd3 1/2-1/2

[Event "DRUZYNOWE MISTRZOSTWA POLSKI - II LIGA 2018"]
[Site "Jastrzebia Gora"]
[Date "1899-12-30"]
[Round "5.53"]
[White "Koloczek, Maciej"]
[Black "Smagalski, Jaroslaw"]
[Result "1-0"]
[WhiteTitle "I"]
[BlackTitle "I"]
[WhiteElo "1677"]
[BlackElo "1916"]

1. e4 Nc6 2. d3 e5 3. Nf3 d6 4. g3 Be7 5. Bg2 f5 6. O-O Nf6 7. Nbd2 O-O 8. c3 Kh8
9. Qe2 Qe8 10. d4 fxe4 11. Nxe4 Nxe4 12. Qxe4 Bf6 13. Re1 Qh5 14. dxe5 Bxe5 15.
Be3 Bf5 16. Qh4 Qxh4 17. Nxh4 Bd7 18. Nf3 a5 19. Nxe5 Nxe5 20. Bd4 Rfe8 21. Bxe5
Rxe5 22. Rxe5 dxe5 23. Re1 Re8 24. Bxb7 g6 25. Bd5 Kg7 26. Re4 c6 27. Bb3 Kf6
28. Rc4 Ke7 29. Rc5 Kd6 30. Rxa5 h5 31. Kg2 Rf8 32. Bd1 Bf5 33. Bf3 g5 34. Bxh5
g4 35. f3 gxf3+ 36. Bxf3 e4 37. Be2 e3 38. Ra4 Ke5 39. Rf4 Rb8 40. b3 Rd8 41.
Kf3 Ra8 42. a4 Be6 43. Bc4 Bf5 44. Kxe3 Rh8 45. h4 Rd8 46. Rd4 Re8 47. a5 c5 48.
Rd5+ Kf6+ 49. Kf2 Be4 50. Rxc5 Rd8 51. a6 Rd7 52. b4 Bh1 53. b5 Rd2+ 54. Ke3 Rc2
55. Bd3 Ra2 56. b6 Ke6 57. Bc4+ Kd5 58. Ke4+ 1-0

[Event "DRUZYNOWE MISTRZOSTWA POLSKI - II LIGA 2018"]
[Site "Jastrzebia Gora"]
[Date "1899-12-30"]
[Round "5.54"]
[White "Bukowska, Katarzyna"]
[Black "Buchta, Agnieszka"]
[Result "0-1"]
[WhiteTitle "k++"]
[BlackTitle "I++"]
[WhiteElo "1914"]
[BlackElo "1852"]

1. e4 c5 2. Nf3 e6 3. b4 cxb4 4. d4 d5 5. e5 Nc6 6. a3 f6 7. Bb5 Bd7 8. O-O fxe5
9. Bxc6 bxc6 10. Nxe5 Nf6 11. Bg5 bxa3 12. c3 Bd6 13. Nxa3 O-O 14. Nc2 Qc7 15.
Bxf6 gxf6 16. Ng4 f5 17. Nh6+ Kg7 18. g4 Kxh6 19. g5+ Kg7 20. Qh5 Kh8 21. Qh6
Be8 22. Qxe6 Bg6 23. Qe3 f4 24. Qd2 f3 25. Ne3 Bxh2+ 26. Kh1 Qf4 0-1